| 000 | 00527nam a22001817a 4500 | ||
|---|---|---|---|
| 005 | 20230112112120.0 | ||
| 008 | 220208b ||||| |||| 00| 0 eng d | ||
| 020 | _a978-81-8473-396-0 | ||
| 041 | _aeng | ||
| 082 | _a615.19 | ||
| 100 |
_aBEALE, JOHN.M AND BLOCK, JOHN.H _96975 |
||
| 245 | _aWILSON AND GISVOLD,S TEXTBOOK OF ORGANIC MEDICINAL AND PHARMACEUTICAL CHEMISTRY SCIENCES | ||
| 250 | _a12TH ED. | ||
| 260 |
_aNEW YORK _bWOLTERS KLUWER _c2011 |
||
| 300 | _a1010,;p | ||
| 650 |
_aPHARMACY _xB.PHARMA _97083 |
||
| 942 | _cBK | ||
| 999 |
_c7860 _d7858 |
||